000 00523nam a2200217Ia 4500
003 OSt
005 20220924134401.0
006 a|||||r|||| 00| 0
007 ta
008 220923b |||||||| |||| 00| 0 snd d
024 _a273969
037 _cTextual
040 _aARTS
_cARTS
_bsnd
041 _2snd
_asnd
082 _aO1593,3NTHx, L0
100 _aThadani
245 0 _aAcho ta vichar karyun
260 _c1970
942 _hO1593,3NTHx, L0
_cTEXL
_2CC
999 _c437324
_d437324